000 01355nam0a22003371 4500
001 v19\rc\2007673
005 20251118181338.2
035 _a(NLR Aleph) 005082596
090 _a7212578
_c7212578
100 _a20080811d1915 u y0rusy50 ca
101 0 _arus
102 _aRU
105 _aa z |||||
200 1 _aК вопросу о нахождении радиоактивных веществ в шлихах золотоносных областей Сибири
_fП. Орлов
210 _aПетроград
_cтип. Имп. Акад. наук
_d1915
215 _a[4], 52 с.
_cил.
_d26
225 1 _aГеологический и минералогический музей им. Петра Великого. Труды Радиевой экспедиции Академии наук
_v№ 6
700 1 _7ca
_8rus
_aОрлов
_bП. П.
_cхимик, радиоактивность
_f1859-1937
_gПетр Павлович
_9245083
_3RU\NLR\AUTH\770245139
801 0 _aRU
_bNLR
_gpsbo
801 0 _aRU
_bRuMoRGB
_2psbo
801 1 _aRU
_bProSoft-M
_2rusmarc
852 _aNLR
_j3/3788
899 _aRuMoRGB
_jXXIV 68/21 (№ 6)
899 _aRuMoRGB
_jXXIV 68/22 (№ 6)
899 _aRuMoRGB
_jXXIV 68/23 (№ 6)
899 _aБАН
899 _aНБ СПбГУ
899 _aНБ МГУ
942 _cBOOK
980 _aNB